Creedence Clearwater Revival Quiz - Statistics

General Stats
  • This quiz has been taken 16 times
  • The average score is 12 of 19
Answer Stats
Hint Answer % Correct
Can you fill in the blanks for these singles? Bad {Moon} Rising
100%
Can you fill in the blanks for these singles? Born On The {Bayou}
94%
Can you fill in the blanks for these singles? Down on the {Corner}
88%
Which CCR song has played in movies like Forrest Gump, Die Hard 4 andSuicide Squad? Fortunate Son
88%
Who were the four main members of CCR? John Fogerty
88%
Who were the four main members of CCR? Tom Fogerty
88%
What conflict is associated with many of CCR's anti-war songs? Vietnam War
88%
Which CCR song contains the lyric "rollin' on the river"? Proud Mary
81%
In what city and U.S. state was CCR founded? California
56%
What were the previous names of Creedence Clearwater Revival? The {Blue} Velvets
56%
One of the ex-members of CCR died at age 48 of a tuberculosis infectionafter contracting what disease? AIDS
50%
What is CCR's longest single, an 11-minute cover of a song written in 1966? I Heard It ThroughThe Grapevine
50%
What Dale Hawkins cover is considered CCR's first hit song? Suzie Q
50%
What album was the above song released under? Willy and the{Poor} {Boys}
50%
Who were the four main members of CCR? Stu Cook
44%
Who were the four main members of CCR? Doug Clifford
31%
What record label did CCR sign on to? {Fantasy} Records
31%
In what city and U.S. state was CCR founded? El Cerrito
19%
What were the previous names of Creedence Clearwater Revival? The {Golliwog}s
19%
No matching quizzes found
Score Distribution
Percent of People with Each Score
Percentile by Number Answered
Your Score History
You have not taken this quiz